Costos histr̤icos Manual de prc̀ticas desde el enfoque de competencias /

Detalles Bibliográficos
Autor principal: Castro Ortega, Julia Aiď
Formato: eBook
Lenguaje:español
Publicado: Mx̌ico DF: Instituto Mexicano de Contadores Pb︢licos, 2014
Materias:
Acceso en línea:Acceso restringido

MARC

LEADER 00000nam a22000007a 4500
005 2017030907117.0
007 cr|||| ||||
008 170309s2014 mx |||||s|||| 00||0 spa d
020 |a 978-607-8384-04-4 
035 |a 14836 
040 |a vLex 
090 |c 6593  |d 6593 
100 1 |a Castro Ortega, Julia Aiď 
245 1 0 |a Costos histr̤icos  |h [Recurso electrn̤ico] :  |b Manual de prc̀ticas desde el enfoque de competencias /  |c Julia Aid ̌Castro Ortega 
256 |a Servicio en ln̕ea 
260 |a Mx̌ico DF:  |b Instituto Mexicano de Contadores Pb︢licos,  |c 2014 
300 |a 1 recurso electrn̤ico 
506 1 |a Disponible solo en los productos indicados  |d vLex Global  |d vLex Global (Academic Edition, excluding Law Schools)  |d vLex Global (U.S. Academic Edition, Law Schools)  |d vLex Global (U.S. Academic Edition, excluding Law Schools)  |d vLex Global (Academic Edition, Law Schools) 
650 0 4 |a Financiero  |z Mx̌ico 
650 0 4 |a Economa̕ y negocios  |z Mx̌ico 
650 0 4 |a Contabilidad  |z Mx̌ico 
650 0 4 |a Banca y finanzas  |z Mx̌ico 
740 0 |a vLex Libros (Servicio en ln̕ea) 
856 4 0 |u http://vlex.com/source/costos-historicos-manual-de-practicas-desde-el-enfoque-de-competencias-14836  |z Acceso restringido 
942 |c BOOK 
999 0 |a Financial 
999 0 |a Economy and business 
999 0 |a Accounting 
999 0 |a Banking and Finance